| 000 -LEADER |
| fixed length control field |
01053pab a2200169 454500 |
| 008 - FIXED-LENGTH DATA ELEMENTS--GENERAL INFORMATION |
| fixed length control field |
180718b1997 xxu||||| |||| 00| 0 eng d |
| 100 ## - MAIN ENTRY--PERSONAL NAME |
| Personal name |
Dhungel, Dwarika Nath |
| 245 ## - TITLE STATEMENT |
| Title |
Organizational restructuring for administrative reform: the Nepalese experience |
| 260 ## - PUBLICATION, DISTRIBUTION, ETC. |
| Date of publication, distribution, etc. |
1997 |
| 300 ## - PHYSICAL DESCRIPTION |
| Extent |
p.64-71 |
| 362 ## - DATES OF PUBLICATION AND/OR SEQUENTIAL DESIGNATION |
| Dates of publication and/or sequential designation |
Jul-Dec |
| 520 ## - SUMMARY, ETC. |
| Summary, etc. |
The optimum size of the civil service very much depends on such factors as type of functions, volume of work, and kinds of goods and services to be provided by the government. The prolonged debate about the nature and scope of government functions is sustained by proponents of a school of thought advocating for limited functions, and another school of thought calling for the involvement of government in the delivery of basic goods and services to its people and the performance of traditional functions such as maintenance of law and order and revenue collection |
| 650 ## - SUBJECT ADDED ENTRY--TOPICAL TERM |
| Topical term or geographic name entry element |
Administrative reform - Nepal |
| 650 ## - SUBJECT ADDED ENTRY--TOPICAL TERM |
| Topical term or geographic name entry element |
Administrative reform |
| 773 ## - HOST ITEM ENTRY |
| Main entry heading |
Asian Review of Public Administration |
| 909 ## - |
| -- |
38792 |